LEADER 01405nas 2200409- 450 001 996335508503316 005 20210920213022.0 035 $a(OCoLC)906703432 035 $a(CKB)2560000000077396 035 $a(CONSER)--2015262156 035 $a(EXLCZ)992560000000077396 100 $a20150407a20089999 --- - 101 0 $aeng 135 $aur||||||||||| 181 $ctxt$2rdacontent 182 $cc$2rdamedia 183 $acr$2rdacarrier 200 00$aCatalyst in depth 210 1$aChicago, Ill. :$cCommunity Renewal Society,$d2008- 215 $a1 online resource $cillustrations 300 $aDescription based: Vol. 20, Number 1 (September/October 2008); title from PDF caption (Catalyst Communications Web site, viewed on March 31, 2015). 311 $a2160-0007 606 $aPublic schools$zIllinois$zChicago$vPeriodicals 606 $aEducational change$zIllinois$zChicago$vPeriodicals 606 $aEducational change$2fast$3(OCoLC)fst00903371 606 $aPublic schools$2fast$3(OCoLC)fst01082942 607 $aIllinois$zChicago$2fast 608 $aPeriodicals.$2fast 615 0$aPublic schools 615 0$aEducational change 615 7$aEducational change. 615 7$aPublic schools. 712 02$aCommunity Renewal Society (Chicago, Ill.), 906 $aJOURNAL 912 $a996335508503316 996 $aCatalyst in depth$92399502 997 $aUNISA